[Event "ARG-ch sf 98th"]
[Site "Buenos Aires"]
[Date "2023.04.30"]
[Round "2"]
[White "Bertona, Fernando"]
[Black "Ahumada, Agustin"]
[Result "1-0"]
[WhiteElo "2397"]
[BlackElo "1718"]
[PlyCount "39"]
[EventDate "2023.04.29"]
[EventType "swiss"]
[EventRounds "9"]
[EventCountry "ARG"]
[SourceTitle "CBM 214 Extra"]
[Source "ChessBase"]
[SourceDate "2023.07.31"]
[SourceVersion "1"]
[SourceVersionDate "2023.07.31"]
[SourceQuality "1"]

1. e4 e5 2. Nf3 Nc6 3. Bb5 a6 4. Ba4 Nf6 5. 0-0 d6 6. Bxc6+ bxc6 7. d4 exd4 8. Nxd4 c5 9. Nf3 Be7 10. Nc3 Bg4 11. h3 Bh5 12. Re1 0-0 13. Qd3 Qc8 14. Nh4 Re8 15. Nf5 Bf8 16. b3 Nd7 17. Bb2 Ne5 18. Qg3 Qe6 19. Nd5 Rac8 20. Nf4 1-0

[Event "ARG-ch sf 98th"]
[Site "Buenos Aires"]
[Date "2023.04.29"]
[Round "1"]
[White "Ruiz, Juan Ignacio"]
[Black "Bertona, Fernando"]
[Result "1-0"]
[WhiteElo "1946"]
[BlackElo "2397"]
[PlyCount "105"]
[EventDate "2023.04.29"]
[EventType "swiss"]
[EventRounds "9"]
[EventCountry "ARG"]
[SourceTitle "CBM 214 Extra"]
[Source "ChessBase"]
[SourceDate "2023.07.31"]
[SourceVersion "1"]
[SourceVersionDate "2023.07.31"]
[SourceQuality "1"]

1. d4 d5 2. Bf4 Nf6 3. e3 e6 4. Bd3 Bd6 5. Bg3 c5 6. c3 Qc7 7. Nf3 Nbd7 8. Nbd2 0-0 9. Bxd6 Qxd6 10. 0-0 e5 11. dxe5 Nxe5 12. Nxe5 Qxe5 13. Re1 Bg4 14. Qa4 Rfd8 15. h3 Bd7 16. Qh4 Bc6 17. g4 Ne4 18. Bxe4 dxe4 19. Rad1 Rd3 20. Nb3 Qd5 21. Rb1 Re8 22. Qg3 b6 23. Qc7 h5 24. Kg2 Re6 25. Nc1 Qg5 26. Nxd3 exd3+ 27. Kg3 d2 28. Rf1 Qd5 29. f3 Rxe3 30. Qb8+ Re8 31. Qf4 g5 32. Qf6 Re6 33. Qf5 Re2 34. Rf2 Qd6+ 35. Kg2 Re5 36. Qc2 Rd5 37. Rd1 h4 38. Rdxd2 Qg3+ 39. Kf1 Qxh3+ 40. Ke1 Re5+ 41. Rde2 Rd5 42. c4 Rd6 43. Qf5 Qg3 44. Qxg5+ Kf8 45. Qe7+ Kg8 46. Qg5+ Kf8 47. Qe5 Qg1+ 48. Rf1 Rd1+ 49. Kxd1 Qxf1+ 50. Kd2 Kg8 51. Qg5+ Kh7 52. Qxh4+ Kg7 53. Qg5+ 1-0

[Event "ARG-ch sf 97th"]
[Site "Buenos Aires"]
[Date "2022.09.10"]
[Round "4"]
[White "Fiorito, Fabian"]
[Black "Bertona, Fernando"]
[Result "1/2-1/2"]
[WhiteElo "2361"]
[BlackElo "2408"]
[PlyCount "21"]
[EventDate "2022.09.08"]
[EventType "swiss"]
[EventRounds "9"]
[EventCountry "ARG"]
[SourceTitle "CBM 210 Extra"]
[Source "ChessBase"]
[SourceDate "2022.11.30"]
[SourceVersion "1"]
[SourceVersionDate "2022.11.30"]
[SourceQuality "1"]

1. e4 c5 2. Nf3 e6 3. c3 d5 4. exd5 Qxd5 5. d4 Nf6 6. Na3 cxd4 7. Nb5 Qd8 8. Nbxd4 Be7 9. Be2 0-0 10. 0-0 a6 11. Re1 1/2-1/2

[Event "ARG-ch 96th"]
[Site "Buenos Aires"]
[Date "2022.06.06"]
[Round "5"]
[White "Moreno Perez, Tobias Sebastian"]
[Black "Bertona, Fernando"]
[Result "1/2-1/2"]
[WhiteElo "2242"]
[BlackElo "2410"]
[PlyCount "41"]
[EventDate "2022.06.02"]
[EventType "swiss"]
[EventRounds "11"]
[EventCountry "ARG"]
[SourceTitle "EXT 2023"]
[Source "ChessBase"]
[SourceDate "2022.10.05"]
[SourceVersion "1"]
[SourceVersionDate "2022.10.05"]
[SourceQuality "1"]

1. Nf3 d5 2. c4 e6 3. g3 Nf6 4. Bg2 Be7 5. 0-0 0-0 6. d4 dxc4 7. Qa4 c6 8. Qxc4 b5 9. Qc2 Bb7 10. Nbd2 c5 11. dxc5 Na6 12. Nb3 Be4 13. Qc3 Rc8 14. Be3 Nd5 15. Qd2 Bxf3 16. Bxf3 Nxe3 17. Qxe3 Nxc5 18. Nxc5 Bxc5 19. Qb3 Qb6 20. e3 Rfd8 21. Rfd1 1/2-1/2

[Event "ARG-ch 96th"]
[Site "Buenos Aires"]
[Date "2022.06.05"]
[Round "4"]
[White "Bertona, Fernando"]
[Black "Sepliarsky, Mario"]
[Result "1-0"]
[WhiteElo "2410"]
[BlackElo "2068"]
[PlyCount "137"]
[EventDate "2022.06.02"]
[EventType "swiss"]
[EventRounds "11"]
[EventCountry "ARG"]
[SourceTitle "CBM 208 Extra"]
[Source "ChessBase"]
[SourceDate "2022.07.31"]
[SourceVersion "1"]
[SourceVersionDate "2022.07.31"]
[SourceQuality "1"]

1. e4 e6 2. d3 d5 3. Qe2 Nf6 4. Nf3 Be7 5. g3 c5 6. Bg2 Nc6 7. 0-0 0-0 8. e5 Nd7 9. c4 Nb6 10. Bf4 Bd7 11. h4 Rc8 12. Nbd2 Nd4 13. Nxd4 cxd4 14. b3 Bc6 15. Qg4 Kh8 16. Nf3 dxc4 17. dxc4 Bxf3 18. Bxf3 Rc7 19. Rad1 Bc5 20. Be4 Nd7 21. Qh5 g6 22. Qf3 b6 23. Rfe1 Kg8 24. Bc2 Re8 25. Bg5 Be7 26. Bc1 a5 27. h5 Nf8 28. Be4 Bb4 29. Re2 Qd7 30. Bb2 Bc5 31. a4 Rd8 32. hxg6 Nxg6 33. Bd3 Qe7 34. Qg4 Qf8 35. Bc1 Be7 36. Qh5 Qg7 37. Bh6 Qh8 38. f4 Bf8 39. Bxf8 Kxf8 40. Rh2 Kg8 41. Kf2 f5 42. exf6 Qxf6 43. Re1 Re7 44. Qg4 Rf8 45. Kg1 Kg7 46. Rhe2 Rfe8 47. Re5 Kf8 48. Rg5 Rg7 49. Kg2 Ree7 50. Kh2 Kf7 51. f5 Nf8 52. fxe6+ Kg8 53. Rxg7+ Rxg7 54. Qf5 Qh6+ 55. Kg2 Re7 56. Qg4+ Qg7 57. Bf5 Qxg4 58. Bxg4 Kg7 59. Re4 d3 60. Kf3 Kf6 61. Rf4+ Kg7 62. Re4 Kf6 63. Ke3 Nxe6 64. Bxe6 Rxe6 65. Rxe6+ Kxe6 66. Kxd3 Kf5 67. b4 axb4 68. c5 bxc5 69. a5 1-0

[Event "Colonia 2nd"]
[Site "Colonia"]
[Date "2008.05.04"]
[Round "1"]
[White "Bertona, Fernando"]
[Black "Oddone, Cristhian"]
[Result "1-0"]
[WhiteElo "2425"]
[BlackElo "2235"]
[PlyCount "103"]
[EventDate "2008.05.04"]
[EventType "tourn"]
[EventRounds "9"]
[EventCountry "URU"]
[EventCategory "3"]
[SourceTitle "CBM 124 Extra"]
[Source "ChessBase"]
[SourceDate "2008.07.03"]
[SourceVersion "1"]
[SourceVersionDate "2008.07.03"]
[SourceQuality "1"]

1. e4 d5 2. exd5 Nf6 3. d4 Bg4 4. Bb5+ c6 5. dxc6 Qa5+ 6. Nc3 Nxc6 7. Qd3 0-0-0 8. Bxc6 bxc6 9. Nf3 Qb6 10. 0-0 e5 11. Na4 Qa5 12. Nxe5 Qxa4 13. Nxg4 Rxd4 14. Qf5+ Nd7 15. h3 h5 16. Nh2 Qc4 17. b3 Qd5 18. Qxd5 Rxd5 19. Be3 Bc5 20. Rfe1 f6 21. Nf1 Rd8 22. Rad1 Bxe3 23. Nxe3 Rxd1 24. Rxd1 Nc5 25. Rxd8+ Kxd8 26. Kf1 Ke7 27. Ke2 g6 28. Nc4 Ke6 29. Ke3 Kd5 30. Nb2 Ne6 31. Nd3 Kd6 32. Nf4 Nf8 33. g3 Kc5 34. c3 Kd6 35. Kd4 Ke7 36. b4 Kd6 37. a4 Kc7 38. c4 Kd6 39. c5+ Kc7 40. b5 Kb7 41. Kc4 a6 42. bxc6+ Kxc6 43. Nd5 f5 44. Nb4+ Kb7 45. Kd5 a5 46. Nd3 Nh7 47. Ke6 Kc6 48. h4 Nf8+ 49. Ke5 Nd7+ 50. Kd4 Nf6 51. Ne5+ Kc7 52. f3 1-0

[Event "La Roda op 33rd"]
[Site "La Roda"]
[Date "2006.04.15"]
[Round "6.5"]
[White "Bertona, Fernando"]
[Black "Torres Sanchez, Jose"]
[Result "1/2-1/2"]
[WhiteElo "2432"]
[BlackElo "2295"]
[PlyCount "140"]
[EventDate "2006.04.12"]
[EventType "swiss"]
[EventRounds "9"]
[EventCountry "ESP"]
[SourceTitle "CBM 111 Extra"]
[Source "ChessBase"]
[SourceDate "2006.05.09"]
[SourceVersion "1"]
[SourceVersionDate "2006.05.09"]
[SourceQuality "1"]

1. d4 d5 2. Nf3 Nf6 3. Bg5 e6 4. e3 c5 5. Nbd2 Nc6 6. c3 Bd6 7. Bd3 cxd4 8. exd4 0-0 9. 0-0 e5 10. dxe5 Nxe5 11. Nxe5 Bxe5 12. Nf3 Bc7 13. Bc2 Bg4 14. Qd3 Bxf3 15. Qxf3 Qd6 16. g3 h6 17. Be3 Rfe8 18. Rad1 Bb6 19. Bd4 Bxd4 20. Rxd4 Re5 21. Rfd1 Rae8 22. Bb3 Qe6 23. Bxd5 Qh3 24. Rf1 Re2 25. Rh4 Qd7 26. Bxb7 R8e6 27. Rd4 Qc7 28. b4 Rxa2 29. Bd5 Nxd5 30. Rxd5 Rf6 31. Qd3 g6 32. Rc5 Qe7 33. Qd4 Qd6 34. Rd5 Qb6 35. Rc5 Qd6 36. Qe3 Kh7 37. Rc8 Re6 38. Qf3 Qe7 39. Kg2 h5 40. h4 Re5 41. Rc4 Ree2 42. Rf4 Kg7 43. b5 Rab2 44. c4 Rbc2 45. Kg1 Qe6 46. c5 Rxc5 47. Rxf7+ Qxf7 48. Qxe2 Qb7 49. Rb1 Rf5 50. Rb3 Kh7 51. Qe8 Qf7 52. Qxf7+ Rxf7 53. Kf1 Rb7 54. Ke2 Rb6 55. Kd3 a6 56. Kc4 axb5+ 57. Rxb5 Rf6 58. Rb7+ Kg8 59. Rb2 Rf3 60. Kd4 Kf7 61. Ke4 Ra3 62. Rb7+ Kf6 63. Rb6+ Kg7 64. Rd6 Ra2 65. f3 Ra3 66. Rd4 Rb3 67. Kf4 Ra3 68. Rb4 Ra5 69. Re4 Rf5+ 70. Ke3 Ra5 1/2-1/2

[Event "La Roda op 33rd"]
[Site "La Roda"]
[Date "2006.04.13"]
[Round "3.8"]
[White "Bertona, Fernando"]
[Black "Garcia Castro, Pablo"]
[Result "1/2-1/2"]
[WhiteElo "2432"]
[BlackElo "2309"]
[PlyCount "92"]
[EventDate "2006.04.12"]
[EventType "swiss"]
[EventRounds "9"]
[EventCountry "ESP"]
[SourceTitle "CBM 111 Extra"]
[Source "ChessBase"]
[SourceDate "2006.05.09"]
[SourceVersion "1"]
[SourceVersionDate "2006.05.09"]
[SourceQuality "1"]

1. e4 d6 2. d4 Nf6 3. Bd3 e5 4. c3 Nc6 5. Nf3 g6 6. 0-0 Bg7 7. Re1 0-0 8. h3 Kh8 9. Na3 Ng8 10. Bg5 f6 11. Bh4 a6 12. dxe5 dxe5 13. Qe2 Qe8 14. Nc4 Nd8 15. Bg3 Ne7 16. Ne3 g5 17. Nd5 Ne6 18. Nxe7 Qxe7 19. Rad1 b5 20. Bc2 c5 21. Rd2 Rg8 22. Nh2 Bf8 23. Ng4 Nf4 24. Qd1 Be6 25. Ne3 Qf7 26. Nf5 c4 27. Qf3 h5 28. Bxf4 gxf4 29. Kh2 Rg5 30. Red1 Be7 31. Rg1 Bc5 32. Qd1 Rf8 33. b3 Qb7 34. Rd8 Bxf5 35. Rxf8+ Bxf8 36. exf5 e4 37. Qd8 Qe7 38. Qxe7 Bxe7 39. Bxe4 Bd6 40. h4 Rg7 41. Rd1 Be5 42. Rd8+ Kh7 43. bxc4 bxc4 44. Bf3 Rc7 45. Bxh5 Bxc3 46. Be8 Be1 1/2-1/2

[Event "La Roda op 33rd"]
[Site "La Roda"]
[Date "2006.04.12"]
[Round "1.12"]
[White "Bertona, Fernando"]
[Black "Pla Andreu, Abraham"]
[Result "1-0"]
[WhiteElo "2432"]
[BlackElo "2021"]
[PlyCount "65"]
[EventDate "2006.04.12"]
[EventType "swiss"]
[EventRounds "9"]
[EventCountry "ESP"]
[SourceTitle "CBM 111 Extra"]
[Source "ChessBase"]
[SourceDate "2006.05.09"]
[SourceVersion "1"]
[SourceVersionDate "2006.05.09"]
[SourceQuality "1"]

1. e4 c5 2. Nf3 Nc6 3. Bb5 d6 4. Bxc6+ bxc6 5. 0-0 e5 6. c3 Bg4 7. h3 Bxf3 8. Qxf3 Nf6 9. Rd1 d5 10. d3 g6 11. Bg5 Bg7 12. exd5 cxd5 13. c4 0-0 14. Nc3 Qd6 15. Bxf6 Bxf6 16. Qxd5 Qxd5 17. Nxd5 Bg7 18. Rab1 Rab8 19. b3 f5 20. f3 Rbe8 21. Re1 Kf7 22. b4 cxb4 23. Rxb4 Re6 24. Kf1 Ra6 25. a4 Rd8 26. f4 Rd7 27. fxe5 Ke6 28. Nf4+ Ke7 29. e6 Bc3 30. exd7+ Bxe1 31. Kxe1 Kxd7 32. Kd2 g5 33. Nd5 1-0

[Event "Linares Anibal op 11th"]
[Site "Linares"]
[Date "2005.03.01"]
[Round "6"]
[White "Recuero Guerra, David"]
[Black "Bertona, Fernando"]
[Result "1-0"]
[WhiteElo "2241"]
[BlackElo "2437"]
[PlyCount "61"]
[EventDate "2005.02.25"]
[EventType "swiss"]
[EventRounds "9"]
[EventCountry "ESP"]
[SourceTitle "CBM 105 Extra"]
[Source "ChessBase"]
[SourceDate "2005.05.01"]
[SourceVersion "1"]
[SourceVersionDate "2005.05.01"]
[SourceQuality "1"]

1. e4 d5 2. exd5 Qxd5 3. Nc3 Qa5 4. d4 Nf6 5. Nf3 Bf5 6. Bc4 e6 7. Bd2 c6 8. Nd5 Qd8 9. Nxf6+ Qxf6 10. Qe2 Nd7 11. 0-0-0 Nb6 12. Bg5 Qg6 13. d5 Bc5 14. h4 Bxc2 15. Rd2 Be4 16. dxe6 fxe6 17. Ne5 Qf5 18. g4 Qxe5 19. f4 Nxc4 20. Qxc4 b5 21. Qe2 Qc7 22. Qxe4 0-0 23. Rhd1 Rf7 24. Qxe6 Raf8 25. Rd7 Qc8 26. f5 Qe8 27. Rd8 Qxe6 28. fxe6 Rf2 29. e7 Bxe7 30. Bxe7 Rxd8 31. Rxd8+ 1-0

[Event "Autonomico-chT"]
[Site "Aragon"]
[Date "2003.??.??"]
[Round "?"]
[White "Bertona, Fernando"]
[Black "Gomez Laosa, Emilio"]
[Result "1-0"]
[WhiteElo "2431"]
[BlackElo "2131"]
[PlyCount "131"]
[EventDate "2003.??.??"]
[EventType "team"]
[EventRounds "9"]
[EventCountry "ESP"]
[SourceTitle "EXT 2007"]
[Source "ChessBase"]
[SourceDate "2006.11.23"]
[SourceVersion "1"]
[SourceVersionDate "2006.11.23"]
[SourceQuality "1"]

1. e4 d5 2. exd5 Nf6 3. d4 Nxd5 4. Nf3 g6 5. Bc4 Bg7 6. 0-0 0-0 7. c3 Bg4 8. h3 Bxf3 9. Qxf3 c6 10. Re1 e6 11. Nd2 Qf6 12. Qd1 h6 13. Ne4 Qd8 14. Qf3 Nd7 15. Bb3 Kh7 16. Nd6 Qc7 17. Qg3 N7f6 18. c4 Nh5 19. Qh2 Nb4 20. Rd1 Rad8 21. c5 Nd5 22. Bxd5 cxd5 23. g4 Nf6 24. Bf4 Qd7 25. f3 Ne8 26. b4 Nxd6 27. Bxd6 Rfe8 28. a4 a6 29. Qb2 Bf8 30. Bg3 Bg7 31. Kg2 f6 32. Re1 e5 33. dxe5 fxe5 34. Bxe5 Rxe5 35. Rxe5 Bxe5 36. Qxe5 Re8 37. Qf4 d4 38. Rd1 d3 39. Qd6 Qxa4 40. Qxd3 Re7 41. Qd6 Qe8 42. Kg3 Kg7 43. Rd4 Kh7 44. Qd8 Qf7 45. Rf4 Qg7 46. Qd4 Rd7 47. Qf6 Qxf6 48. Rxf6 Kg7 49. Rb6 Rf7 50. f4 Rd7 51. Kf3 Re7 52. f5 gxf5 53. gxf5 Rd7 54. Kf4 Kf7 55. Ke5 h5 56. Rh6 Re7+ 57. Kd6 Re4 58. Rh7+ Kf6 59. Rxb7 Rd4+ 60. Kc7 Kxf5 61. Rb6 Kg5 62. Kb7 Kh4 63. c6 Kxh3 64. c7 Rc4 65. Rc6 Rxb4+ 66. Ka7 1-0

[Event "Alicante op 5th"]
[Site "Alicante"]
[Date "2001.10.31"]
[Round "5"]
[White "Jimenez Villena, Francisco Jose"]
[Black "Bertona, Fernando"]
[Result "1/2-1/2"]
[WhiteElo "2239"]
[BlackElo "2411"]
[PlyCount "126"]
[EventDate "2001.10.27"]
[EventType "swiss"]
[EventRounds "9"]
[EventCountry "ESP"]
[SourceTitle "CBM 085 Extra"]
[Source "ChessBase"]
[SourceDate "2002.01.21"]
[SourceVersion "1"]
[SourceVersionDate "2002.01.21"]
[SourceQuality "1"]

1. d4 d5 2. c4 e6 3. Nc3 c6 4. e4 Bb4 5. Bd2 dxc4 6. Bxc4 Qxd4 7. Qe2 Nd7 8. Nf3 Qb6 9. 0-0 Ne7 10. Rad1 Ng6 11. e5 Be7 12. h4 Qc7 13. Rfe1 b5 14. Bb3 b4 15. Ne4 Ngxe5 16. Bf4 0-0 17. Nxe5 Nxe5 18. Ng5 f6 19. Bxe6+ Kh8 20. Bxe5 fxe5 21. Nf7+ Kg8 22. Bxc8 Raxc8 23. Nxe5 Bd6 24. Qc4+ Kh8 25. Rxd6 Qxd6 26. Nf7+ Rxf7 27. Qxf7 Qd5 28. Re8+ Rxe8 29. Qxe8+ Qg8 30. Qxc6 Qxa2 31. Qa8+ Qg8 32. Qxa7 h6 33. Qd4 Qf8 34. g3 Qe7 35. Kg2 Qb7+ 36. Kf1 Qe7 37. Qd5 Qe8 38. g4 Qg6 39. Qd8+ Kh7 40. Qd4 Qb1+ 41. Ke2 Qc2+ 42. Kf3 b3 43. Kf4 Kh8 44. Ke5 Qc7+ 45. Kd5 Qc2 46. g5 hxg5 47. hxg5 Qf5+ 48. Kc4 Qxg5 49. Kxb3 Qb5+ 50. Kc3 Qc6+ 51. Kb4 Qb7+ 52. Ka5 Qa8+ 53. Kb6 Qb8+ 54. Ka6 Qc8+ 55. Kb5 Qb7+ 56. Qb6 Qd5+ 57. Kb4 Qe4+ 58. Kc5 Qc2+ 59. Kd5 Qf5+ 60. Kc6 Qe6+ 61. Kc7 Qf7+ 62. Kc8 Qf5+ 63. Kd8 Qf8+ 1/2-1/2

[Event "Olympiad-34"]
[Site "Istanbul"]
[Date "2000.10.31"]
[Round "4.4"]
[White "Bertona, Fernando"]
[Black "Hoelzl, Franz"]
[Result "1-0"]
[WhiteElo "2405"]
[BlackElo "2394"]
[PlyCount "61"]
[EventDate "2000.10.28"]
[EventType "team-swiss"]
[EventRounds "14"]
[EventCountry "TUR"]
[SourceTitle "EXT 2001"]
[Source "ChessBase"]
[SourceDate "2000.11.22"]
[SourceVersion "1"]
[SourceVersionDate "2000.11.22"]
[SourceQuality "1"]
[WhiteTeam "Argentina"]
[BlackTeam "Austria"]
[WhiteTeamCountry "ARG"]
[BlackTeamCountry "AUT"]

1. e4 c5 2. Nf3 d6 3. d4 cxd4 4. Nxd4 Nf6 5. Nc3 a6 6. Bg5 Nbd7 7. Bc4 Qb6 8. Bb3 e6 9. 0-0 Be7 10. Be3 Nc5 11. f4 0-0 12. e5 dxe5 13. fxe5 Nfd7 14. Nf3 Qc7 15. Bf4 b5 16. Qe1 b4 17. Ne4 Nxe4 18. Qxe4 Bb7 19. Qe1 a5 20. c3 a4 21. Bc2 a3 22. bxa3 bxc3 23. Qg3 Bxf3 24. Rxf3 Rxa3 25. Raf1 Qa7+ 26. Kh1 Qa5 27. Bb3 Bb4 28. Qg4 Qb6 29. Bh6 g6 30. Bxf8 Nxe5 31. Qxb4 1-0

[Event "ARG-ch"]
[Site "Buenos Aires"]
[Date "2000.10.18"]
[Round "8"]
[White "Malbran, Guillermo"]
[Black "Bertona, Fernando"]
[Result "0-1"]
[WhiteElo "2399"]
[BlackElo "2405"]
[PlyCount "98"]
[EventDate "2000.10.10"]
[EventType "tourn"]
[EventRounds "11"]
[EventCountry "ARG"]
[EventCategory "6"]
[SourceTitle "CBM 078 Extra"]
[Source "ChessBase"]
[SourceDate "2000.11.10"]
[SourceVersion "1"]
[SourceVersionDate "2000.11.10"]
[SourceQuality "1"]

1. e4 c5 2. c3 d5 3. exd5 Qxd5 4. d4 Nf6 5. Nf3 Bg4 6. Be2 e6 7. h3 Bh5 8. 0-0 Nc6 9. Be3 cxd4 10. cxd4 Bb4 11. a3 Ba5 12. b4 Bb6 13. Nc3 Qd6 14. Qb3 0-0 15. Rfd1 Rfd8 16. Rac1 Rac8 17. Na4 Nd5 18. Nxb6 axb6 19. Qb2 Nf4 20. Bxf4 Qxf4 21. Qc3 Ne7 22. Qe3 Nd5 23. Qxf4 Nxf4 24. Kf1 Kf8 25. g4 Bg6 26. h4 Bc2 27. Rd2 Ba4 28. Ra1 Rc3 29. Ng1 e5 30. d5 Rxd5 31. Rxd5 Nxd5 32. Bf3 Nf4 33. Bxb7 Bb5+ 34. Ke1 Rc2 35. Be4 Bd3 36. Bf3 e4 37. Bh1 b5 38. h5 h6 39. Rd1 Ra2 40. Rc1 Rxa3 41. Kd2 Nd5 42. Ke1 Ra2 43. Nh3 Ke7 44. Bg2 Nxb4 45. Nf4 Kd6 46. Bf1 Nc2+ 47. Kd2 Bxf1 48. Rxf1 Ke5 49. Ng2 Kd4 0-1

[Event "ARG-ch"]
[Site "Buenos Aires"]
[Date "2000.10.17"]
[Round "7"]
[White "Bertona, Fernando"]
[Black "Julia, Ernesto"]
[Result "1-0"]
[WhiteElo "2405"]
[BlackElo "2393"]
[PlyCount "103"]
[EventDate "2000.10.10"]
[EventType "tourn"]
[EventRounds "11"]
[EventCountry "ARG"]
[EventCategory "6"]
[SourceTitle "CBM 078 Extra"]
[Source "ChessBase"]
[SourceDate "2000.11.10"]
[SourceVersion "1"]
[SourceVersionDate "2000.11.10"]
[SourceQuality "1"]

1. e4 c5 2. Nf3 e6 3. d3 d5 4. Qe2 Ne7 5. g3 Nbc6 6. Bg2 g6 7. 0-0 Bg7 8. c3 h6 9. h4 b6 10. Na3 Ba6 11. e5 Nf5 12. Re1 Qe7 13. Nc2 Rc8 14. Bf4 0-0 15. Qd2 Kh7 16. Nh2 b5 17. Ng4 d4 18. cxd4 cxd4 19. Be4 Bb7 20. Rac1 Qd7 21. Na1 h5 22. Nf6+ Bxf6 23. exf6 e5 24. Bg5 Nd8 25. Rxc8 Qxc8 26. Bxb7 Qxb7 27. Rxe5 Ne6 28. Nb3 Qf3 29. Qe2 Qxe2 30. Rxe2 Rc8 31. Kf1 Kg8 32. Ke1 Kf8 33. Kd1 Ke8 34. Bf4 Kd7 35. Be5 a5 36. Nxa5 Ra8 37. b4 Nc5 38. Kc2 Na4 39. Kb3 Re8 40. f4 Rc8 41. Rc2 Rxc2 42. Kxc2 Nb6 43. Nb3 Nd5 44. a3 Nde3+ 45. Kd2 Nf1+ 46. Ke1 N1xg3 47. Kf2 Kc6 48. Bxd4 Kd5 49. Be5 Nh1+ 50. Kg2 Nhg3 51. Nc1 Kc6 52. Bc3 1-0

[Event "ARG-ch"]
[Site "Buenos Aires"]
[Date "2000.10.14"]
[Round "5"]
[White "Sorin, Ariel"]
[Black "Bertona, Fernando"]
[Result "1/2-1/2"]
[WhiteElo "2490"]
[BlackElo "2405"]
[PlyCount "49"]
[EventDate "2000.10.10"]
[EventType "tourn"]
[EventRounds "11"]
[EventCountry "ARG"]
[EventCategory "6"]
[SourceTitle "CBM 078 Extra"]
[Source "ChessBase"]
[SourceDate "2000.11.10"]
[SourceVersion "1"]
[SourceVersionDate "2000.11.10"]
[SourceQuality "1"]

1. d4 d5 2. c4 e6 3. Nf3 c6 4. e3 Nf6 5. Nc3 Nbd7 6. Qc2 Bd6 7. Be2 0-0 8. 0-0 dxc4 9. Bxc4 b5 10. Bd3 Bb7 11. e4 e5 12. dxe5 Nxe5 13. Nxe5 Bxe5 14. Kh1 Ng4 15. h3 Qh4 16. Qe2 Rad8 17. Bc2 Bc8 18. f4 Bd4 19. Qf3 Nf2+ 20. Kh2 b4 21. Ne2 Ng4+ 22. Kh1 Nf2+ 23. Kh2 Ng4+ 24. Kh1 Nf2+ 25. Kh2 1/2-1/2

[Event "Najdorf Memorial Great fin"]
[Site "Buenos Aires"]
[Date "2000.09.11"]
[Round "2.1"]
[White "Sunye Neto, Jaime"]
[Black "Bertona, Fernando"]
[Result "0-1"]
[WhiteElo "2555"]
[BlackElo "2405"]
[PlyCount "73"]
[EventDate "2000.09.09"]
[EventType "k.o."]
[EventRounds "4"]
[EventCountry "ARG"]
[SourceTitle "CBM 079"]
[Source "ChessBase"]
[SourceDate "2000.11.21"]
[SourceVersion "1"]
[SourceVersionDate "2000.11.21"]
[SourceQuality "1"]

1. c4 e6 2. Nf3 d5 3. g3 c6 4. b3 Nf6 5. Bg2 Nbd7 6. 0-0 Bd6 7. Nc3 0-0 8. d4 Re8 9. Qc2 dxc4 10. bxc4 e5 11. e3 exd4 12. exd4 Nf8 13. Rd1 Bg4 14. h3 Bh5 15. Qb3 Rb8 16. g4 Bg6 17. Ne5 Ne6 18. Be3 Qa5 19. Nxg6 hxg6 20. Ne2 Qc7 21. d5 Nc5 22. Qc2 Nfe4 23. Rab1 cxd5 24. cxd5 Qe7 25. Nd4 a6 26. Rbc1 Rbd8 27. Nb3 Nxb3 28. axb3 Qe5 29. Bxe4 Qxe4 30. Qxe4 Rxe4 31. Bb6 Rd7 32. Rc4 Re5 33. b4 g5 34. Kg2 f6 35. Be3 Bf8 36. Rc8 Kf7 37. Bc5 0-1

[Event "ARG-ch sf"]
[Site "Ezeiza"]
[Date "2000.09.06"]
[Round "9"]
[White "Julia, Ernesto"]
[Black "Bertona, Fernando"]
[Result "1/2-1/2"]
[WhiteElo "2393"]
[BlackElo "2405"]
[PlyCount "21"]
[EventDate "2000.08.29"]
[EventType "swiss"]
[EventRounds "9"]
[EventCountry "ARG"]
[SourceTitle "EXT 2001"]
[Source "ChessBase"]
[SourceDate "2000.11.22"]
[SourceVersion "1"]
[SourceVersionDate "2000.11.22"]
[SourceQuality "1"]

1. c4 c5 2. Nc3 Nf6 3. g3 Nc6 4. Bg2 g6 5. Nf3 Bg7 6. 0-0 0-0 7. d4 cxd4 8. Nxd4 Nxd4 9. Qxd4 d6 10. Bg5 h6 11. Bd2 1/2-1/2

[Event "ARG-ch sf"]
[Site "Ezeiza"]
[Date "2000.09.05"]
[Round "8"]
[White "Bertona, Fernando"]
[Black "Soppe, Guillermo"]
[Result "1/2-1/2"]
[WhiteElo "2405"]
[BlackElo "2471"]
[PlyCount "22"]
[EventDate "2000.08.29"]
[EventType "swiss"]
[EventRounds "9"]
[EventCountry "ARG"]
[SourceTitle "EXT 2001"]
[Source "ChessBase"]
[SourceDate "2000.11.22"]
[SourceVersion "1"]
[SourceVersionDate "2000.11.22"]
[SourceQuality "1"]

1. e4 c5 2. Nc3 Nc6 3. g3 g6 4. Bg2 Bg7 5. d3 d6 6. Be3 e6 7. f4 Nge7 8. Nf3 Nd4 9. 0-0 0-0 10. Qd2 Rb8 11. Bf2 Nec6 1/2-1/2

[Event "ARG-ch sf"]
[Site "Ezeiza"]
[Date "2000.09.03"]
[Round "6"]
[White "Bertona, Fernando"]
[Black "Varela, Gaston"]
[Result "1-0"]
[WhiteElo "2405"]
[BlackElo "2249"]
[PlyCount "110"]
[EventDate "2000.08.29"]
[EventType "swiss"]
[EventRounds "9"]
[EventCountry "ARG"]
[SourceTitle "EXT 2001"]
[Source "ChessBase"]
[SourceDate "2000.11.22"]
[SourceVersion "1"]
[SourceVersionDate "2000.11.22"]
[SourceQuality "1"]

1. e4 c5 2. Nf3 e6 3. d4 cxd4 4. Nxd4 a6 5. Nc3 Qc7 6. Bd3 Nc6 7. Nxc6 bxc6 8. 0-0 d5 9. Qe2 Nf6 10. f4 Be7 11. b3 a5 12. Kh1 0-0 13. Bb2 Qa7 14. Na4 dxe4 15. Bxe4 Nxe4 16. Qxe4 c5 17. Rf3 Qb7 18. Qe5 f6 19. Qe3 Qc7 20. Ba3 Ra6 21. c4 Rc6 22. Rd1 Rd8 23. Rxd8+ Qxd8 24. Rf1 Qc7 25. Qf2 Bd7 26. Rd1 Be8 27. h3 Qc8 28. Bb2 Rc7 29. Bc3 Ra7 30. Qe3 Ra6 31. Qd2 Qc7 32. Qe3 Bd7 33. Qe4 Qc6 34. Qd3 Bc8 35. Rd2 Qc7 36. Qe3 Qc6 37. Bb2 Ra7 38. Ba3 Rc7 39. Re2 Bf8 40. Qd2 Qd6 41. Qxd6 Bxd6 42. Bc1 Kf7 43. Be3 Bd7 44. Rd2 Ke7 45. Nc3 Bc6 46. a4 Rb7 47. Nb5 Bxb5 48. axb5 Rb8 49. Ra2 Ra8 50. g3 Kd7 51. Bd2 Bc7 52. Be3 Bd6 53. Bd2 Bc7 54. b4 cxb4 55. Bxb4 Rc8 1-0